Online Catalogue and eLibrary

Globalization and flexibility of female labour : (Record no. 2598)

MARC details
000 -LEADER
fixed length control field 00487nam a2200157Ia 4500
005 - DATE AND TIME OF LATEST TRANSACTION
control field 20240404060705.0
008 - FIXED-LENGTH DATA ELEMENTS--GENERAL INFORMATION
fixed length control field 240331s9999 xx 000 0 und d
020 ## - INTERNATIONAL STANDARD BOOK NUMBER
ISBN 13910582
082 ## - DDC Classification
Item Number - Author Mark RAS
Class No. 331
100 ## - MAIN ENTRY--PERSONAL NAME
Personal name Rasanayagam, Yoga
245 #0 - TITLE STATEMENT
Title Globalization and flexibility of female labour :
Remainder of title case studies of selected villages in the district of Kurunagala
260 ## - PUBLICATION, DISTRIBUTION, ETC.
Place of publication, distribution, etc. Colombo :
Name of publisher, distributor, etc. Center for Society and Religion :
Date of publication, distribution, etc. 1998.
300 ## - PHYSICAL DESCRIPTION
Extent (e.g. Volumes, Pages etc.) ii, 53 p .,
650 ## - SUBJECT ADDED ENTRY--TOPICAL TERM
Topical term or geographic name entry element Women.
942 ## - Koha item type (Biblio)
Koha item type Books in Stacks (Lending)
Holdings
Lost status Damaged status Collection code Home library Current library Shelving location Date acquired Full call number Accession Number Item type
    Lending WERC Library WERC Library Social Science Cupboard 03/31/2024 331 RAS 2900 Books in Stacks (Lending)

© WERC Library